Statistics for Is there a bridge ?

Click here to take the quiz!

General Stats

  • This quiz has been taken 17 times
  • The average score is 10 of 12

Answer Stats

QuestionAnswer% Correct
France - Great BritainNo
94%
Northern Ireland - ScotlandNo
94%
Corsica - SardiniaNo
94%
Denmark - SwedenYes
94%
Bahrain - Saudi ArabiaYes
88%
North Island - South Island (New Zealand)No
82%
Sicily - mainland ItalyNo
82%
Hokkaido - HonshuNo
76%
Honshu - KyushuYes
76%
Crimea - Krasnodar KraiYes
76%
India - Sri LankaNo
71%
Isle of Wight - mainland EnglandNo
71%

Score Distribution

Percentile by Number Answered

Percent of People with Each Score

Your Score History

You have not taken this quiz